000 00498nam a22002297a 4500
003 UA-OsUOA
001 54489
007 ta
008 20080618b un ||||| |||| 00| 0 ukr d
100 _aGorbach N.
090 _a811.101:34
942 _cBK
040 _aUA-OsUOA
_beng
_cUA-OsUOA
_dUA-OsUOA
245 _aEnglish for police officers
300 _a100 с.
955 _a2
041 _aeng
080 _a811.101:34
260 _aХарків
_c2006
650 7 _2UDC
999 _c340449
_d340449